Normal view
MARC view
- McGee, Cherry A.
Entry Personal Name
001 - CONTROL NUMBER
- control field: 18362
003 - CONTROL NUMBER IDENTIFIER
- control field: OSt
005 - DATE AND TIME OF LATEST TRANSACTION
- control field: 20161221101304.0
008 - FIXED-LENGTH DATA ELEMENTS
- fixed length control field: 161221|| aca||aabn | a|a d
040 ## - CATALOGING SOURCE
- Original cataloging agency: OSt
100 ## - HEADING--PERSONAL NAME
- Personal name: McGee, Cherry A.
- Relator term: Editor
